[Event "BCF-chT4S 1819 (4NCL)"]
[Site "England"]
[Date "2018.11.18"]
[Round "2.71"]
[White "Smith, Olivia"]
[Black "Hadi, Justin"]
[Result "1-0"]
[WhiteElo "2110"]
[BlackElo "2015"]
[PlyCount "87"]
[EventDate "2018.11.17"]
[EventType "team-swiss"]
[EventRounds "11"]
[EventCountry "ENG"]
[SourceTitle "EXT 2021"]
[Source "ChessBase"]
[SourceDate "2020.10.23"]
[SourceVersion "1"]
[SourceVersionDate "2020.10.23"]
[SourceQuality "1"]
[WhiteTeam "Fischer's Catch"]
[BlackTeam "Oxford III"]
[WhiteTeamCountry "WLS"]
[BlackTeamCountry "ENG"]

1. e4 c5 2. Nf3 g6 3. g3 Bg7 4. Bg2 Nc6 5. c3 d5 6. exd5 Qxd5 7. 0-0 Nh6 8. d4 0-0 9. Ne5 Qd6 10. Nxc6 bxc6 11. Bf4 Qf6 12. Be5 Qe6 13. Re1 Qd7 14. Bxg7 Kxg7 15. dxc5 Qc7 16. Qd4+ Kg8 17. Qe4 Be6 18. Qxc6 Qxc6 19. Bxc6 Rac8 20. Bg2 Rxc5 21. Nd2 Rb8 22. Ne4 Rc7 23. b4 Rd8 24. a3 Bc4 25. Rad1 Rdc8 26. Nc5 Nf5 27. Bb7 Re8 28. Bd5 Nd6 29. a4 Rec8 30. a5 Kf8 31. Bf3 Bb5 32. Rd4 Bc6 33. Bxc6 Rxc6 34. c4 R8c7 35. f4 Nf5 36. Rd7 Ke8 37. Rxc7 Rxc7 38. Kf2 Nd6 39. Rc1 Rc8 40. Ke2 h5 41. Kd3 Rd8 42. Kc3 Nf5 43. b5 h4 44. gxh4 1-0

[Event "Nottingham 4NCL op 20th"]
[Site "Nottingham"]
[Date "2018.09.28"]
[Round "1"]
[White "Hadi, Justin"]
[Black "Alsina Leal, Daniel"]
[Result "0-1"]
[WhiteElo "2030"]
[BlackElo "2483"]
[PlyCount "78"]
[EventDate "2018.09.28"]
[EventType "swiss"]
[EventRounds "5"]
[EventCountry "ENG"]
[SourceTitle "CBM 186 Extra"]
[Source "ChessBase"]
[SourceDate "2018.08.24"]
[SourceVersion "1"]
[SourceVersionDate "2018.08.24"]
[SourceQuality "1"]

1. d4 Nf6 2. Bg5 d5 3. e3 c5 4. c3 e6 5. Nd2 Nbd7 6. Bd3 Be7 7. f4 b6 8. Ngf3 Bb7 9. Qe2 Ne4 10. Bxe7 Qxe7 11. 0-0 0-0 12. Ne5 Ndf6 13. a4 Nxd2 14. Qxd2 Ne4 15. Qe2 a5 16. Qh5 f6 17. Bxe4 dxe4 18. Ng4 Rad8 19. Rfd1 Bd5 20. Rd2 Bc6 21. b3 Qc7 22. Nf2 cxd4 23. cxd4 Bd5 24. Qe2 Rc8 25. Rb1 Qc3 26. Rdb2 Qb4 27. Nd1 Rc7 28. Qd2 Rfc8 29. Kf2 Qxd2+ 30. Rxd2 Rc1 31. Rbb2 Ra1 32. Ke2 Rcc1 33. g3 h5 34. h3 Kh7 35. g4 h4 36. b4 b5 37. bxa5 bxa4 38. Rbc2 a3 39. Rxc1 Rxc1 0-1

[Event "BCF-chT3S 1718 (4NCL) Promotion pool"]
[Site "England"]
[Date "2018.05.05"]
[Round "9.21"]
[White "Hadi, Justin"]
[Black "Gill, Oliver"]
[Result "1/2-1/2"]
[WhiteElo "1997"]
[BlackElo "2127"]
[PlyCount "55"]
[EventDate "2017.11.11"]
[EventType "team-tourn"]
[EventRounds "11"]
[EventCountry "ENG"]
[SourceTitle "EXT 2020"]
[Source "ChessBase"]
[SourceDate "2019.10.17"]
[SourceVersion "1"]
[SourceVersionDate "2019.10.17"]
[SourceQuality "1"]
[WhiteTeam "Oxford II"]
[BlackTeam "Wessex"]
[WhiteTeamCountry "ENG"]
[BlackTeamCountry "ENG"]

1. d4 d5 2. Bf4 Nc6 3. Nf3 Bg4 4. e3 e6 5. c4 Bb4+ 6. Nc3 Nge7 7. a3 Bxc3+ 8. bxc3 0-0 9. Be2 dxc4 10. Bxc4 Nd5 11. Bg3 Nxc3 12. Qb3 Ne4 13. Qxb7 Bxf3 14. gxf3 Na5 15. Qxe4 Nxc4 16. Qc6 Nd6 17. 0-0 Qe7 18. Rfc1 Rfc8 19. Rc3 h5 20. Rac1 h4 21. Bxd6 cxd6 22. Qxc8+ Rxc8 23. Rxc8+ Kh7 24. h3 Qf6 25. f4 g5 26. fxg5 Qxg5+ 27. Kh2 Qf5 28. Kg2 1/2-1/2

[Event "BCF-chT2 1617 (4NCL) Promotion pool"]
[Site "England"]
[Date "2017.05.01"]
[Round "11.17"]
[White "White, Stuart A"]
[Black "Hadi, Justin"]
[Result "1/2-1/2"]
[WhiteElo "2064"]
[BlackElo "2022"]
[PlyCount "102"]
[EventDate "2016.11.19"]
[EventType "team-tourn"]
[EventRounds "11"]
[EventCountry "ENG"]
[SourceTitle "EXT 2019"]
[Source "ChessBase"]
[SourceDate "2018.10.10"]
[SourceVersion "1"]
[SourceVersionDate "2018.10.10"]
[SourceQuality "1"]
[WhiteTeam "Alba"]
[BlackTeam "West is Best"]
[WhiteTeamCountry "SCO"]
[BlackTeamCountry "ENG"]

1. c4 f5 2. Nc3 Nf6 3. g3 g6 4. Bg2 Bg7 5. d3 d6 6. e3 0-0 7. Nge2 a5 8. 0-0 e5 9. Rb1 Na6 10. a3 c6 11. b4 axb4 12. axb4 Nc7 13. Na4 Ne6 14. c5 d5 15. Nb6 Ra7 16. Bb2 Nd7 17. Nxd7 Bxd7 18. f4 exf4 19. Bxg7 Kxg7 20. Nxf4 Ra8 21. Qc2 Nxf4 22. exf4 Qf6 23. Rfe1 Qd4+ 24. Qf2 Qxf2+ 25. Kxf2 Ra2+ 26. Re2 Rfa8 27. Rbb2 Rxb2 28. Rxb2 Kf7 29. Ke3 Ke7 30. Kd4 Ra1 31. Re2+ Be6 32. Rb2 Bd7 33. Kc3 Ra3+ 34. Kc2 Ra1 35. Kb3 Ra8 36. b5 Ra5 37. Kc3 Ra3+ 38. Rb3 Rxb3+ 39. Kxb3 Be8 40. Kb4 Kd7 41. Kc3 Bf7 42. b6 Ke7 43. Kd4 Kf6 44. Bf3 Be6 45. Bd1 Bd7 46. Ba4 Ke6 47. Bb3 Be8 48. h3 h5 49. Bd1 Bd7 50. g4 h4 51. Ke3 Kf6 1/2-1/2

[Event "BCF-chT2 1617 (4NCL) Promotion pool"]
[Site "England"]
[Date "2017.04.29"]
[Round "9.17"]
[White "Churm, Rohan"]
[Black "Hadi, Justin"]
[Result "1-0"]
[WhiteElo "2141"]
[BlackElo "2022"]
[PlyCount "83"]
[EventDate "2016.11.19"]
[EventType "team-tourn"]
[EventRounds "11"]
[EventCountry "ENG"]
[SourceTitle "EXT 2019"]
[Source "ChessBase"]
[SourceDate "2018.10.10"]
[SourceVersion "1"]
[SourceVersionDate "2018.10.10"]
[SourceQuality "1"]
[WhiteTeam "Cambridge University"]
[BlackTeam "West is Best"]
[WhiteTeamCountry "ENG"]
[BlackTeamCountry "ENG"]

1. d4 e6 2. e4 d5 3. Nd2 Nf6 4. e5 Nfd7 5. Bd3 c5 6. c3 Nc6 7. Ne2 cxd4 8. cxd4 f6 9. exf6 Nxf6 10. Nf3 Bd6 11. 0-0 0-0 12. Bf4 Bxf4 13. Nxf4 Qd6 14. Ne2 Bd7 15. Qd2 Ng4 16. h3 Rxf3 17. hxg4 Rf7 18. f4 Qb4 19. Qe3 Raf8 20. g5 g6 21. a3 Qb6 22. b4 Qd8 23. Rf3 Ne7 24. g3 Qb6 25. Nc3 Qd6 26. Rf2 Qb6 27. Rd1 e5 28. Qxe5 Nc6 29. Qd6 Qxd4 30. Nxd5 Bf5 31. Be2 Qb2 32. b5 Na5 33. Nf6+ Kg7 34. Qb4 Qb3 35. Qxb3 Nxb3 36. Bc4 Nc5 37. Bxf7 Kxf7 38. Nxh7 Rh8 39. Rh2 Ne4 40. Nf6 Rc8 41. Rh7+ Ke6 42. g4 1-0

[Event "Jersey op"]
[Site "St Clement Bay"]
[Date "2013.03.08"]
[Round "5"]
[White "Hadi, Justin"]
[Black "Lyell, Mark"]
[Result "0-1"]
[WhiteElo "2068"]
[BlackElo "2227"]
[PlyCount "38"]
[EventDate "2013.03.06"]
[EventType "swiss"]
[EventRounds "9"]
[EventCountry "GCI"]
[SourceTitle "CBM 153 Extra"]
[Source "ChessBase"]
[SourceDate "2013.04.22"]
[SourceVersion "1"]
[SourceVersionDate "2013.04.22"]
[SourceQuality "1"]

1. Nf3 d5 2. c4 d4 3. e3 Nc6 4. b4 Nxb4 5. Qa4+ Nc6 6. exd4 e6 7. Ba3 Bxa3 8. Nxa3 Nf6 9. Nc2 0-0 10. g3 e5 11. d5 e4 12. 0-0-0 Bg4 13. dxc6 Bxf3 14. cxb7 Rb8 15. Qxa7 Bxh1 16. Bh3 Bf3 17. Nb4 e3 18. Qxe3 Rxb7 19. Qxf3 Rxb4 0-1